000 00338nam a2200145Ia 4500
005 20251222154345.0
008 251222s9999||||xx |||||||||||||| ||spa||
020 _a842269798X
082 _a813.6/H39
100 _aHenley, Victoria
245 0 _aFronteras de Pasión
250 _a1ra.ed.
264 _bEdiciones B, S.A.
942 _cLIB
999 _c34690
_d34690